Đặc sắc tản văn Vũ Bằng (Qua nhóm tác phẩm dựng chân dung nhà văn Việt Nam)

Vũ Bằng và thể loại tản văn. Các nhà văn Việt Nam qua tản văn Vũ Bằng. Nét độc đáo trong nghệ thuật dựng chân dung của tản văn Vũ Bằng

Bewaard in:
Bibliografische gegevens
Hoofdauteur: Nguyễn Thùy An
Andere auteurs: Nguyễn Phong Nam PGS.TS (Hướng dẫn)
Formaat: Boek
Taal:Vietnamese
Gepubliceerd in: Đà Nẵng Đại học Đà Nẵng 2010
Onderwerpen:
Tags: Voeg label toe
Geen labels, Wees de eerste die dit record labelt!
Thư viện lưu trữ: Mạng thư viện Đại học Đà Nẵng
LEADER 01583nam a2200361 4500
001 000010651
003 6859
005 20111216101255.0
008 111216s2010 viesd
041 |a vie 
072 |a Luận văn Thạc sĩ khoa học xã hội và nhân văn 
082 |a 895.922834  |b NG-A 
100 1 |a Nguyễn Thùy An 
245 1 |a Đặc sắc tản văn Vũ Bằng (Qua nhóm tác phẩm dựng chân dung nhà văn Việt Nam)  |c Nguyễn Thùy An 
260 |a Đà Nẵng  |b Đại học Đà Nẵng  |c 2010 
300 |a 108 tr  |c 29 cm 
500 |a Luận văn Thạc sĩ Khoa học xã hội và nhân văn. Chuyên ngành: Văn học Việt Nam. Mã số: 60.22.34 
520 |a Vũ Bằng và thể loại tản văn. Các nhà văn Việt Nam qua tản văn Vũ Bằng. Nét độc đáo trong nghệ thuật dựng chân dung của tản văn Vũ Bằng 
653 |a Vũ Bằng 
653 |a Luận văn Thạc sĩ Văn học Việt Nam 
653 |a Tiểu thuyết 
653 |a Nhà văn chiến sĩ 
700 1 |a Nguyễn Phong Nam  |c PGS.TS  |e Hướng dẫn 
OWN |a LSP 
AVA |a UDN50  |b LSP  |d 895.922834 NG-A  |e available  |t Error 5001 Not defined in file expand_doc_bib_avail.  |f 1  |g 0  |h N  |i 0  |k 1 
999 |a From the UDN01 
AVA |a UDN50  |b LSP  |d 895.922834 NG-A  |e available  |t Error 5001 Not defined in file expand_doc_bib_avail.  |f 1  |g 0  |h N  |i 0  |k 1 
TYP |a Monograph 
TYP |a Printed language 
980 |a Mạng thư viện Đại học Đà Nẵng